• 首页
  • 本馆介绍
  • 公告通知
  • 最新文献
  • 馆藏检索
  • 电子资源
  • 读者导购
  • 参考咨询
  • 我的图书馆
  • 登录
  • 详细信息显示
  • 放入我的书架
  • 预约/预借图书
  • 作者相关作品
  • 分类相关作品
  • 丛书相关作品
  • 出版社相关作品

书目信息

  • 表格格式
  • 工作单格式
  • 卡片格式
题名:
普通昆虫学
    
 
作者: 雷朝亮 , 荣秀兰 主编
分册:  
出版信息: 北京   中国农业出版社  2019.06
页数: 483页
开本: 26cm
丛书名:
单 册:
中图分类: Q96
科图分类:
主题词: 昆虫学--kun chong xue--高等教育--教材 , 昆虫学--kun chong xue
电子资源:
ISBN: 978-7-109-15660-9
000 01006nam0 2200277 450
001 0109110223
005 20201109144900.30
010    @a978-7-109-15660-9@dCNY56.50
100    @a20111124d2019 em y0chiy50 ea
101 0  @achi
102    @aCN@b110000
105    @aa z 000yy
106    @ar
200 1  @a普通昆虫学@Apu tong kun chong xue@f雷朝亮, 荣秀兰主编
205    @a2版
210    @a北京@c中国农业出版社@d2019.06
215    @a483页@c图@d26cm
300    @a普通高等教育“十一五”国家级规划教材普通高等教育“十五”国家级规划教材全国高等农林院校“十一五”规划教材植物保护类专业系列教材
330    @a本教材介绍了昆虫的外部形态、昆虫生物学、昆虫行为学、昆虫的内部结构和生理、昆虫系统学、昆虫生态学六篇内容。
606 0  @a昆虫学@Akun chong xue@x高等教育@j教材
606 0  @a昆虫学@Akun chong xue
690    @aQ96@v5
701  0 @a雷朝亮@Alei chao liang@4主编@f(1955~)
701  0 @a荣秀兰@Arong xiu lan@4主编@c(昆虫学)
801  0 @aCN@bBJSZM@c20201103
905    @b1240999-1002@dQ96@e69=2@f4
    
    普通昆虫学/雷朝亮, 荣秀兰主编.-2版.-北京:中国农业出版社,2019.06
    483页:图;26cm
    普通高等教育“十一五”国家级规划教材普通高等教育“十五”国家级规划教材全国高等农林院校“十一五”规划教材植物保护类专业系列教材
    
    ISBN 978-7-109-15660-9:CNY56.50
    本教材介绍了昆虫的外部形态、昆虫生物学、昆虫行为学、昆虫的内部结构和生理、昆虫系统学、昆虫生态学六篇内容。
●
相关链接 在E读中查询图书 在五车中查询图书 在当当中查询图书 在豆瓣中查询图书


正题名:普通昆虫学     索取号:Q96/69=2         预约/预借

序号 登录号 条形码 馆藏地/架位号 状态 备注
1 1240999   212409990   第二样本阅览室/ [索取号:Q96/69=2] 在馆    
2 1241000   212410005   第三借阅区/ [索取号:Q96/69=2] 在馆    
3 1241001   212410014   第三借阅区/ [索取号:Q96/69=2] 在馆    
4 1241002   212410023   第三借阅区/ [索取号:Q96/69=2] 在馆    
唐山师范学院图书馆 欢迎您!
大连网信软件有限公司© 版权所有